LEADER 01314nam0 2200301 450 001 000020437 005 20081209134355.0 010 $a0306442485 100 $a20081209d1992----km-y0itay50------ba 101 0 $aeng 102 $aUS 105 $aa-------001yy 200 1 $aAir pollution modeling and its applications 9$eproceedings of vth 19th NATO/CCMS International technical meeting on Air pollution modeling and its applications$fedited by Han Van Dop and George Kallos$eheld September 29 - October 4, 1991, in Crete, Greece 210 $aNew York and London$cPlenum press$d1992 215 $aXII, 803 p.$cill.$d26 cm 225 2 $aNATO challenges of modern society$v17 300 $aPublished in cooperation with NATO committee on the challenges of modern society 410 0$12001$aNATO challenges of modern society 500 10$aAir pollution modeling and its applications 9$960658 610 1 $aInquinamento atmosferico$aCongressi$a1991 676 $a628.53$v21$9Inquinamento e ingegneria sanitaria. Inquinamento atmosferico 702 1$aDop,$bHan : Van 702 1$aKallos,$bGeorge 801 0$aIT$bUNIPARTHENOPE$c200812019$gRICA$2UNIMARC 912 $a000020437 951 $aM 628.53/3$bM 1269$cDSA$d2008 996 $aAir pollution modeling and its applications 9$960658 997 $aUNIPARTHENOPE LEADER 01332nam0-2200385---450- 001 990001011370203316 005 20090402115106.0 035 $a0101137 035 $aUSA010101137 035 $a(ALEPH)000101137USA01 035 $a0101137 100 $a20020304d1995----km-y0ITAy01------ba 101 $aita 102 $aIT 105 $a||||||||001yy 200 1 $aTre lezioni$el'evoluzione del sistema finanziario italiano$ei problemi attuali, la legalità nell'organizzazione dell'economia, etica e affari$fGustavo Visentini 210 $aMilano$cA. Giuffré$d1995 215 $aIII, 125 p$d21 cm 225 2 $aLUISS, Libera università internazionale degli studi sociali$iSer. Saggi$v1 410 $12001$aLUISS, Libera università internazionale degli studi sociali$iSer. Saggi$v1 606 0 $aEconomia$yItalia 606 0 $aItalia$xPolitica finanziaria 676 $a330.945 700 1$aVISENTINI,$bGustavo$0115042 801 0$aIT$bsalbc$gISBD 912 $a990001011370203316 951 $a330.945 VIS 1 (ISE VI 432)$b7861 G$cISE VI$d00204516 959 $aBK 969 $aECO 979 $aPATTY$b90$c20020304$lUSA01$h1130 979 $c20020403$lUSA01$h1742 979 $aPATRY$b90$c20040406$lUSA01$h1710 979 $aRSIAV3$b90$c20090402$lUSA01$h1151 996 $aTre lezioni$9498905 997 $aUNISA